000 01468nam2a22002531 4500
001 RU\NLR\INFOCOMM6\1000454339
005 20040526160522.0
035 _a(NLR Aleph) 002563046
090 _a3121775
_c3121775
100 _a20040526d1971 |||y0rusy50 ba
101 0 _arus
102 _aRU
105 _ay |||||||||
200 1 _aОсновные энергетическое оборудование электростанций за рубежом
_fБ.Ш. Нейман
210 _d1971
461 0 _1001RU\NLR\INFOCOMM6\1000454268
_12001#$aНовости зарубежной техники$fГос. Ком. тяжелого энергет. и трансп. машиностроения при Госплане СССР. Центр. науч.-исслед. и проектно-конструкторск. котлотурбинный ин-т им. И.И.Ползунова$vВып.83
_93121168
_cЛ.
_d1964-1975
_fГос. Ком. тяжелого энергет. и трансп. машиностроения при Госплане СССР. Центр. науч.-исслед. и проектно-конструкторск. котлотурбинный ин-т им. И.И.Ползунова
_tНовости зарубежной техники
_vВып.83
700 1 _aНейман
_bБ. Ш.
_4070
801 0 _aRU
_bNLR
_gPSBO
801 1 _aRU
_bInfoComm
_c20040526
852 _aNLR
_jП10/2846
942 _cISSUE
980 _aNB
980 _aRUSPER